00687nam a2200217Ia 450000500170000000800410001702000230005804000190008104100120010008200130011210000170012524501260014225000110026826000420027930000250032150400500034665000180039665100280041470000170044285000100045920160702115802.0140110s9999 xx 000 0 und d a9780198725848c895 aLoreto College aEnglish a327bBAY aBaylis, John 4aThe globalization of world politicsbAn introduction to international relationscJohn Baylis, Steve Smith, Patricia Owens a6th ed aOxfordbOxford University Pressc2014 axxi,471pb ill, maps aIncludes bibliographical references and index aGlobalization aInternational Relations aSmith, Steve aLCLIB